| 000 | 00708nam a2200205 i 4500 | ||
|---|---|---|---|
| 001 | 135260 | ||
| 003 | ES-MaACL | ||
| 005 | 20231227193959.0 | ||
| 007 | t| | ||
| 008 | 070713s1943 sp ||||1| spa d | ||
| 080 | _a634.927 | ||
| 100 | 1 |
_aTomeo Lacrue, Mariano. _9110551 |
|
| 245 | 1 | 0 |
_aTemas forestales / _cpor Mariano Tomeo Lacrue ; prólogo de José Ibañez Martín. |
| 260 |
_aZaragoza : _bConsejo Superior de Investigaciones Científicas, _c1943. |
||
| 300 |
_a219 p. : _bil. ; _c21 cm. |
||
| 700 | 1 |
_aIbáñez Martín, José, _d1896-1969 _964934 |
|
| 710 | 2 |
_aConsejo Superior de Investigaciones Científicas (España) _93236 |
|
| 852 |
_aES-MaACL _jC-46293 _bR.76337 |
||
| 999 |
_c135260 _d135260 |
||